[Event "ICS rated blitz match"]
[Site "204.178.125.65"]
[Date "1999.09.08"]
[Round "?"]
[White "Panthee"]
[Black "Hossa"]
[Result "0-1"]
[WhiteElo "2135"]
[BlackElo "2542"]
[PlyCount "104"]
[EventDate "1999.??.??"]

1. e4 c6 2. Ne2 d5 3. d3 dxe4 4. dxe4 Qxd1+ 5. Kxd1 e5 6. Be3 Nf6 7. f3 Be7 8.
c3 O-O 9. Kc2 Rd8 10. Nd2 Be6 11. Nc1 Nbd7 12. Bc4 Bxc4 13. Nxc4 Ne8 14. Nb3 c5
15. Rhd1 Rac8 16. Bf2 b5 17. Ne3 Nd6 18. Nd5 Bf8 19. Na5 b4 20. b3 bxc3 21.
Nxc3 Nb6 22. Nd5 f6 23. Kb2 Kh8 24. Rac1 Nd7 25. a4 Kg8 26. Nc4 Nb7 27. Rd3 Nb8
28. Rcd1 Nc6 29. R3d2 Rb8 30. Nc3 Nd4 31. Bxd4 cxd4 32. Nb5 a6 33. Nba3 Nc5 34.
Ka2 Nxb3 35. Rb2 Bxa3 36. Kxa3 Nc5 37. Nb6 Rb7 38. Nd5 Rxb2 39. Kxb2 Nxa4+ 40.
Ka3 Nc5 41. Kb4 Ne6 42. Ka5 Ra8 43. Rb1 Kf7 44. Rb6 d3 45. Kb4 d2 46. Ne3 a5+
47. Kc3 Rd8 48. Nd1 Nf4 49. Rb2 Rd3+ 50. Kc4 a4 51. g3 Rd4+ 52. Kb5 52... Ne2 {
Panthee resigns} 0-1

[Event "ICS rated blitz match"]
[Site "204.178.125.65"]
[Date "1999.09.13"]
[Round "?"]
[White "Panthee"]
[Black "Hossa"]
[Result "1/2-1/2"]
[WhiteElo "2063"]
[BlackElo "2437"]
[PlyCount "90"]
[EventDate "1999.??.??"]

1. e4 c5 2. Nf3 e6 3. d4 cxd4 4. Nxd4 Nf6 5. Nc3 d6 6. Be2 Be7 7. O-O O-O 8. f4
Nc6 9. Be3 d5 10. e5 Nxd4 11. Bxd4 Ne4 12. Bd3 Nxc3 13. bxc3 f6 14. Kh1 Bd7 15.
exf6 Bxf6 16. Qh5 h6 17. Qg6 Bxd4 18. cxd4 Rf6 19. Qh7+ Kf7 20. f5 exf5 21.
Bxf5 Bxf5 22. Rxf5 Rc8 23. Raf1 Rcc6 24. h4 Rxf5 25. Rxf5+ Rf6 26. h5 b5 27.
Qg6+ Kg8 28. Rxf6 Qxf6 29. Qxf6 gxf6 30. Kh2 b4 31. Kg3 Kf7 32. Kf4 Ke6 33. Kg4
f5+ 34. Kf4 Kf6 35. g4 fxg4 36. Kxg4 Ke6 37. Kf4 a6 38. Kg4 a5 39. Kf4 a4 40.
Kg4 Kf6 41. Kf4 a3 42. Kg4 Ke6 43. Kf4 Kf6 44. Kg4 Ke6 45. Kf4 45... Kf6 {
Game drawn by repetition} 1/2-1/2

[Event "ICS rated blitz match"]
[Site "204.178.125.65"]
[Date "1999.09.08"]
[Round "?"]
[White "Panthee"]
[Black "Hossa"]
[Result "0-1"]
[WhiteElo "2141"]
[BlackElo "2536"]
[PlyCount "70"]
[EventDate "1999.??.??"]

1. e4 c6 2. b3 d5 3. exd5 cxd5 4. Bb2 Nc6 5. Nf3 Bg4 6. Bb5 e6 7. O-O Nf6 8. h3
Bxf3 9. Qxf3 Be7 10. d3 O-O 11. Bxc6 bxc6 12. Nd2 Qa5 13. Qe2 Nd7 14. a3 Qc7
15. Nf3 Rfb8 16. Rfe1 Bd6 17. Ne5 Nf8 18. g3 a5 19. Qg4 f6 20. Nf3 Kh8 21. h4
a4 22. b4 c5 23. c3 cxb4 24. cxb4 Rc8 25. Rac1 Qf7 26. h5 Rxc1 27. Rxc1 e5 28.
Nh4 Ne6 29. Kg2 Rd8 30. Ng6+ hxg6 31. hxg6 Qe8 32. Rh1+ Kg8 33. Bc1 Nf8 34. Qh5
Qxg6 35. Qh8+ 35... Kf7 {Panthee resigns} 0-1

[Event "ICS rated blitz match"]
[Site "204.178.125.65"]
[Date "1999.09.13"]
[Round "?"]
[White "Panthee"]
[Black "Hossa"]
[Result "0-1"]
[WhiteElo "2072"]
[BlackElo "2428"]
[PlyCount "54"]
[EventDate "1999.??.??"]

1. e4 c5 2. Nf3 e6 3. d4 cxd4 4. Nxd4 Nf6 5. Nc3 d6 6. Be2 Be7 7. O-O O-O 8. f4
Nc6 9. Be3 d5 10. e5 Nxd4 11. Bxd4 Ne4 12. Bd3 Nxc3 13. bxc3 f6 14. Kh1 Bd7 15.
exf6 Bxf6 16. Qh5 h6 17. Qg6 Bxd4 18. Qh7+ Kf7 19. cxd4 Qf6 20. f5 exf5 21.
Bxf5 Ke7 22. Rae1+ Kd6 23. Bd3 Qxd4 24. Qg6+ Kc5 25. Qg3 Kc6 26. Qg6+ Rf6 27.
Qxg7 27... Rxf1+ {Panthee resigns} 0-1

[Event "ICS rated blitz match"]
[Site "204.178.125.65"]
[Date "1999.09.08"]
[Round "?"]
[White "Panthee"]
[Black "Hossa"]
[Result "1-0"]
[WhiteElo "2129"]
[BlackElo "2548"]
[PlyCount "40"]
[EventDate "1999.??.??"]

1. e4 c6 2. d4 d5 3. Nd2 dxe4 4. Nxe4 Bf5 5. Ng3 Bg6 6. h4 Qa5+ 7. Bd2 Qa4 8.
Nf3 Bxc2 9. Qc1 Nd7 10. b3 Bxb3 11. axb3 Qxb3 12. Bc4 Qxf3 13. gxf3 Nb6 14. Ba5
Nxc4 15. Qxc4 Rc8 16. O-O e6 17. Rfe1 Be7 18. Bb4 Ra8 19. d5 Bxb4 20. Qxb4
20... b6 {Hossa resigns} 1-0

[Event "ICS rated blitz match"]
[Site "204.178.125.65"]
[Date "1999.10.09"]
[Round "?"]
[White "Pepero"]
[Black "Hossa"]
[Result "1-0"]
[WhiteElo "2166"]
[BlackElo "2428"]
[PlyCount "79"]
[EventDate "1999.??.??"]

1. e4 c6 2. d4 d5 3. e5 Bf5 4. h4 e6 5. g4 Be4 6. f3 Bb4+ 7. Bd2 Qb6 8. fxe4
Qxd4 9. Nf3 Qxb2 10. Bxb4 Qxa1 11. exd5 exd5 12. Bd3 Qxa2 13. O-O Qa4 14. Qd2
a5 15. Bd6 Qxg4+ 16. Kh2 Nd7 17. Qe3 Nh6 18. Rg1 b6 19. Nbd2 d4 20. Qg5 Qxg5
21. hxg5 Ng8 22. Nxd4 a4 23. Nxc6 a3 24. Bc4 Rc8 25. Bb5 a2 26. Ra1 g6 27. Rxa2
h6 28. Nb8 hxg5+ 29. Kg2 Rxb8 30. Bxb8 Kd8 31. Bd6 Ne7 32. Ra7 Rh4 33. Rxd7+
Kc8 34. Rxe7 Rd4 35. Bc6 Rxd2+ 36. Kf1 Rd1+ 37. Ke2 Rxd6 38. exd6 Kb8 39. Re8+
Ka7 40. Ra8# {Hossa checkmated} 1-0

[Event "ICS rated blitz match"]
[Site "204.178.125.65"]
[Date "1999.10.11"]
[Round "?"]
[White "Poisoned-Pawn"]
[Black "Hossa"]
[Result "0-1"]
[WhiteElo "2144"]
[BlackElo "2430"]
[PlyCount "42"]
[EventDate "1999.??.??"]

1. e4 d5 2. exd5 c6 3. c4 cxd5 4. d4 e6 5. Nc3 Nf6 6. c5 Be7 7. Bd3 O-O 8. Nf3
b6 9. b4 bxc5 10. bxc5 Ba6 11. Bxa6 Nxa6 12. Qd3 Qa5 13. Bd2 Nb4 14. Qe2 Bxc5
15. O-O Be7 16. a3 Nc2 17. Ra2 Nxa3 18. Rfa1 Rfb8 19. h3 Rb3 20. Nb1 Qb5 21.
Nxa3 21... Qxe2 {Poisoned-Pawn resigns} 0-1

[Event "ICS rated blitz match"]
[Site "204.178.125.65"]
[Date "1999.10.11"]
[Round "?"]
[White "Poisoned-Pawn"]
[Black "Hossa"]
[Result "0-1"]
[WhiteElo "2143"]
[BlackElo "2411"]
[PlyCount "45"]
[EventDate "1999.??.??"]

1. e4 d5 2. exd5 c6 3. c4 cxd5 4. d4 e6 5. Nc3 Nf6 6. c5 Be7 7. Bd3 O-O 8. Nf3
b6 9. b4 bxc5 10. bxc5 Ba6 11. O-O Bxd3 12. Qxd3 Nc6 13. Re1 Nd7 14. Bf4 Rc8
15. Nb5 Nxd4 16. Nbxd4 Nxc5 17. Qe3 Ne4 18. Rec1 Bc5 19. Be5 f6 20. Rxc5 Nxc5
21. Bg3 e5 22. Nb3 d4 23. Nfxd4 {Poisoned-Pawn resigns} 0-1

[Event "ICS rated blitz match"]
[Site "204.178.125.65"]
[Date "1999.10.11"]
[Round "?"]
[White "Poisoned-Pawn"]
[Black "Hossa"]
[Result "0-1"]
[WhiteElo "2148"]
[BlackElo "2426"]
[PlyCount "74"]
[EventDate "1999.??.??"]

1. e4 d5 2. exd5 c6 3. c4 cxd5 4. d4 e6 5. Nc3 Nf6 6. c5 Be7 7. Bd3 O-O 8. Nf3
b6 9. b4 bxc5 10. bxc5 Ba6 11. O-O Bxd3 12. Qxd3 Nc6 13. Bf4 Nd7 14. Rfe1 Rc8
15. Qa6 Bxc5 16. dxc5 Nxc5 17. Qa3 Nd3 18. Bg5 Qa5 19. Qxa5 Nxa5 20. Nb5 Nxe1
21. Rxe1 Rc2 22. a3 Nc6 23. Nfd4 Nxd4 24. Nxd4 Ra2 25. Be7 Rc8 26. g3 Rc7 27.
Bb4 Rb2 28. Nb5 Rcc2 29. Rf1 a5 30. Nd4 axb4 31. Nxc2 Rxc2 32. axb4 Rb2 33. Ra1
Kf8 34. Ra8+ Ke7 35. Ra7+ Kf6 36. Rb7 d4 37. Rd7 37... Rxb4 {
Poisoned-Pawn resigns} 0-1

[Event "ICS rated blitz match"]
[Site "204.178.125.65"]
[Date "1999.10.11"]
[Round "?"]
[White "Poisoned-Pawn"]
[Black "Hossa"]
[Result "1/2-1/2"]
[WhiteElo "2138"]
[BlackElo "2436"]
[PlyCount "108"]
[EventDate "1999.??.??"]

1. e4 d5 2. exd5 c6 3. c4 cxd5 4. d4 e6 5. Nc3 Nf6 6. c5 Be7 7. Bd3 O-O 8. Nf3
b6 9. b4 bxc5 10. bxc5 Ba6 11. Bxa6 Nxa6 12. Qe2 Nxc5 13. dxc5 Bxc5 14. O-O Rc8
15. Bg5 Qe7 16. Nb5 a6 17. Nbd4 a5 18. a4 Bxd4 19. Nxd4 Rc4 20. Rfd1 Re8 21. h3
h6 22. Bxf6 Qxf6 23. Nf3 Rb8 24. Ra2 Rbb4 25. Rda1 Qf5 26. Qe5 Rb1+ 27. Kh2
Qxe5+ 28. Nxe5 Rxa1 29. Rxa1 Rc2 30. Kg3 Rc3+ 31. Kh2 Rc2 32. Kg1 f6 33. Nf3
Rc4 34. Kf1 d4 35. Ra2 e5 36. Nd2 Rc3 37. Ne4 Rc6 38. g4 g6 39. Ke2 Kf7 40. Kd3
f5 41. Nd2 Rc3+ 42. Ke2 h5 43. gxf5 gxf5 44. Nf3 Ke6 45. Rb2 Rc4 46. Rb6+ Kd5
47. Rb5+ Rc5 48. Rxc5+ Kxc5 49. Nxe5 Kd5 50. Nd3 h4 51. Nf4+ Kc4 52. Nd3 Kd5
53. Nf4+ Kc4 54. Nd3 54... Kd5 {Game drawn by repetition} 1/2-1/2

[Event "ICS rated blitz match"]
[Site "204.178.125.65"]
[Date "1999.09.21"]
[Round "?"]
[White "Poisoned-Pawn"]
[Black "Hossa"]
[Result "0-1"]
[WhiteElo "2073"]
[BlackElo "2218"]
[PlyCount "88"]
[EventDate "1999.??.??"]

1. e4 c5 2. Nf3 d6 3. d4 cxd4 4. Nxd4 Nf6 5. Nc3 a6 6. Bc4 b5 7. Bb3 Bg4 8. f3
Bd7 9. a3 Nc6 10. Be3 Nxd4 11. Bxd4 e5 12. Be3 Be7 13. O-O O-O 14. Bg5 Qb6+ 15.
Kh1 Be6 16. Bxf6 Bxf6 17. Nd5 Bxd5 18. Bxd5 Rac8 19. c3 Qe3 20. Qe1 Qg5 21. Qg3
Qd2 22. Qf2 Qxf2 23. Rxf2 Bg5 24. Rd1 Rc7 25. g3 g6 26. Kg2 Kg7 27. h4 Be7 28.
Rfd2 Ra7 29. Rd3 Rc7 30. Bb3 f5 31. Bd5 f4 32. Rh1 fxg3 33. Kxg3 Rf4 34. h5
gxh5 35. Rxh5 Bf6 36. Be6 Kg6 37. Rh3 Rg7 38. Bf5+ Rxf5 39. exf5+ Kxf5+ 40. Kf2
Ke6 41. Rg3 Bh4 42. f4 Rxg3 43. Rxg3 exf4 44. Kf3 44... fxg3 {
Poisoned-Pawn resigns} 0-1

[Event "ICS rated blitz match"]
[Site "204.178.125.65"]
[Date "1999.09.21"]
[Round "?"]
[White "Poisoned-Pawn"]
[Black "Hossa"]
[Result "1-0"]
[WhiteElo "2086"]
[BlackElo "2205"]
[PlyCount "58"]
[EventDate "1999.??.??"]

1. e4 c5 2. Nf3 d6 3. d4 cxd4 4. Nxd4 Nf6 5. Nc3 a6 6. Bc4 b5 7. Bb3 Bg4 8. f3
Bd7 9. O-O e5 10. Nde2 Nc6 11. Bg5 Be7 12. Bxf6 Bxf6 13. Nd5 Be6 14. Kh1 O-O
15. a3 Bh4 16. Nec3 Rc8 17. Qe2 Nd4 18. Qd3 Qg5 19. Rad1 Nxc2 20. Qxc2 Bxd5 21.
Bxd5 Bg3 22. hxg3 Qxg3 23. Qf2 Qg5 24. g3 Rc5 25. Kg2 Rfc8 26. Qd2 Qg6 27. Rc1
Rb8 28. Rc2 Kf8 29. Rfc1 29... Rc7 {Hossa resigns} 1-0

[Event "ICS rated blitz match"]
[Site "204.178.125.65"]
[Date "1999.09.20"]
[Round "?"]
[White "Poisoned-Pawn"]
[Black "Hossa"]
[Result "0-1"]
[WhiteElo "2027"]
[BlackElo "2326"]
[PlyCount "62"]
[EventDate "1999.??.??"]

1. e4 c5 2. Nf3 Nc6 3. d4 cxd4 4. c3 dxc3 5. Nxc3 b6 6. Bc4 Nf6 7. Qe2 a6 8.
O-O b5 9. Bb3 Na5 10. Rd1 Nxb3 11. axb3 b4 12. Nd5 Nxd5 13. exd5 a5 14. d6 Ba6
15. Qe5 Bb7 16. Be3 Bxf3 17. gxf3 e6 18. Bc5 f6 19. Qe3 Rb8 20. f4 Kf7 21. f5
exf5 22. Qf3 g6 23. Qd5+ Kg7 24. Re1 Rc8 25. Re2 Rg8 26. Rae1 Kh8 27. Qf7 Rg7
28. Qd5 f4 29. Qd4 f5 30. Bb6 Qg5+ 31. Kh1 31... f3 {Poisoned-Pawn resigns} 0-1

[Event "ICS rated blitz match"]
[Site "204.178.125.65"]
[Date "1999.09.21"]
[Round "?"]
[White "Poisoned-Pawn"]
[Black "Hossa"]
[Result "1-0"]
[WhiteElo "2094"]
[BlackElo "2197"]
[PlyCount "125"]
[EventDate "1999.??.??"]

1. e4 e5 2. Nf3 d6 3. d4 Nf6 4. dxe5 Nxe4 5. Bd3 Nc5 6. O-O Nxd3 7. Qxd3 Nc6 8.
exd6 Bxd6 9. Re1+ Be6 10. Bg5 Qd7 11. Nc3 h6 12. Bh4 O-O 13. Rad1 Nb4 14. Qd2
Bg4 15. a3 Qf5 16. axb4 Bxf3 17. gxf3 Bxb4 18. Qd5 Qxc2 19. Re2 Qg6+ 20. Bg3
Rae8 21. Rxe8 Rxe8 22. Ne4 Qb6 23. Qd7 Kf8 24. Bxc7 Qc6 25. Bd6+ Bxd6 26. Qxd6+
Qxd6 27. Rxd6 Re5 28. Rd7 Rb5 29. Rd2 Rb4 30. Kg2 g5 31. h4 gxh4 32. Kh3 Kg7
33. Nc3 a5 34. Nd5 Rc4 35. f4 Rc1 36. Kxh4 Rh1+ 37. Kg3 Rg1+ 38. Kh2 Rg6 39.
Rd3 Rg4 40. Rg3 Rg6 41. Ne7 Kf8 42. Nxg6+ Ke8 43. Ne5 f6 44. Nd3 f5 45. Ne5 Ke7
46. Rb3 b6 47. Rxb6 Kf8 48. Ra6 h5 49. Rxa5 Kg7 50. Ra7+ Kh8 51. Kh3 Kg8 52.
Kh4 Kf8 53. Kxh5 Ke8 54. Kg5 Kd8 55. Kxf5 Ke8 56. Kf6 Kd8 57. Ke6 Kc8 58. Kd6
Kb8 59. Rh7 Kc8 60. Nc4 Kb8 61. Kc6 Ka8 62. Kb6 Kb8 63. Rh8# {Hossa checkmated}
1-0

[Event "ICS rated blitz match"]
[Site "204.178.125.65"]
[Date "1999.09.21"]
[Round "?"]
[White "Poisoned-Pawn"]
[Black "Hossa"]
[Result "1-0"]
[WhiteElo "2003"]
[BlackElo "2288"]
[PlyCount "102"]
[EventDate "1999.??.??"]

1. e4 e6 2. d4 d5 3. Nc3 Nf6 4. Bg5 Be7 5. e5 Nfd7 6. Be3 O-O 7. f4 c5 8. Nf3
cxd4 9. Nxd4 Nc6 10. Bd3 Nb4 11. O-O Nb6 12. Rc1 a6 13. f5 Nxd3 14. cxd3 f6 15.
fxe6 fxe5 16. Rxf8+ Qxf8 17. Nf5 Qxf5 18. Bxb6 Bxe6 19. Qc2 Bg5 20. Rf1 Be3+
21. Bxe3 Qg4 22. Bc5 d4 23. Qe2 dxc3 24. Qxg4 Bxg4 25. bxc3 Rc8 26. d4 exd4 27.
cxd4 Be2 28. Rf2 Bc4 29. h3 b5 30. a3 Bd3 31. Rf3 Be4 32. Re3 Re8 33. d5 Rf8
34. d6 Rd8 35. Rxe4 Kf8 36. d7+ Kf7 37. Rf4+ Ke6 38. Rd4 Kf5 39. Bb4 Ke6 40.
Kh2 Ke5 41. Rd1 Ke6 42. Bc3 Ke7 43. Be1 Ke6 44. Bh4 g5 45. Bxg5 Kf7 46. Bxd8
Ke6 47. Ba5 Ke5 48. d8=Q Kf4 49. Bb4 Ke3 50. Qd4+ Ke2 51. Qd3+ 51... Kf2 {
Hossa resigns} 1-0

[Event "ICS rated blitz match"]
[Site "204.178.125.65"]
[Date "1999.09.21"]
[Round "?"]
[White "Poisoned-Pawn"]
[Black "Hossa"]
[Result "1-0"]
[WhiteElo "2023"]
[BlackElo "2268"]
[PlyCount "125"]
[EventDate "1999.??.??"]

1. e4 e5 2. Nf3 Nf6 3. Nxe5 d6 4. Nf3 Nxe4 5. d3 Nc5 6. d4 Ne6 7. Bd3 d5 8. O-O
Bd6 9. Re1 Be7 10. Nc3 h6 11. Ne5 Bb4 12. a3 Ba5 13. b4 Bb6 14. Nxf7 Kxf7 15.
Qh5+ Kg8 16. Nxd5 Bxd4 17. c3 Bxf2+ 18. Kxf2 Nd7 19. Kg1 Nf6 20. Nxf6+ Qxf6 21.
Qe8+ Qf8 22. Qxf8+ Kxf8 23. Bc4 a5 24. Bxe6 Bxe6 25. Rxe6 Kf7 26. Re2 Rhe8 27.
Rf2+ Kg8 28. Bf4 Re7 29. Raf1 axb4 30. axb4 Re4 31. Bxc7 Rc4 32. Be5 Re8 33.
Bd4 g5 34. h3 Rd8 35. Rf7 Rdxd4 36. cxd4 Rxb4 37. Rd7 Rb2 38. Rff7 b6 39. Rg7+
Kf8 40. Rdf7+ Ke8 41. Rb7 Kf8 42. Rh7 Kg8 43. Rxh6 Rb1+ 44. Kh2 Rb2 45. Rc6 Rf2
46. Rc8+ Rf8 47. Rxf8+ Kxf8 48. Rxb6 Kf7 49. Kg3 Ke7 50. Kg4 Kd7 51. Kxg5 Kc7
52. Rh6 Kd7 53. Kf5 Kc7 54. d5 Kd7 55. Ke5 Kc7 56. g4 Kd7 57. Rh7+ Ke8 58. Kf6
Kd8 59. Ke6 Kc8 60. Kd6 Kb8 61. Kc6 Ka8 62. Kb6 Kb8 63. Rh8# {Hossa checkmated}
1-0

[Event "ICS rated blitz match"]
[Site "204.178.125.65"]
[Date "1999.09.20"]
[Round "?"]
[White "Poisoned-Pawn"]
[Black "Hossa"]
[Result "0-1"]
[WhiteElo "2020"]
[BlackElo "2333"]
[PlyCount "54"]
[EventDate "1999.??.??"]

1. e4 c5 2. Nf3 Nc6 3. d4 cxd4 4. c3 dxc3 5. Nxc3 b6 6. Bc4 Nf6 7. Qe2 a6 8.
O-O b5 9. Bb3 Na5 10. Rd1 Nxb3 11. axb3 b4 12. Nd5 Nxd5 13. exd5 a5 14. d6 Ba6
15. Qe5 e6 16. Be3 Bb7 17. Nd4 f6 18. Qg3 Kf7 19. Nb5 Rc8 20. Rac1 Rxc1 21.
Rxc1 Bc6 22. Nc7 Be4 23. Bb6 e5 24. Bxa5 Bxd6 25. Nb5 Qb8 26. Bc7 Bxc7 27. Nxc7
27... Rc8 {Poisoned-Pawn resigns} 0-1

[Event "ICS rated blitz match"]
[Site "204.178.125.65"]
[Date "1999.10.12"]
[Round "?"]
[White "Poisoned-Pawn"]
[Black "Hossa"]
[Result "0-1"]
[WhiteElo "2134"]
[BlackElo "2436"]
[PlyCount "36"]
[EventDate "1999.??.??"]

1. e4 e5 2. Nf3 Nc6 3. Bb5 a6 4. Bxc6 dxc6 5. O-O Bg4 6. h3 Bxf3 7. Qxf3 Ne7 8.
d3 Ng6 9. Be3 Be7 10. Nd2 O-O 11. Nb3 f5 12. exf5 Nh4 13. Qe4 Rxf5 14. Rae1 Qd5
15. Nc1 Raf8 16. b3 Bg5 17. Bxg5 Rxg5 18. Ne2 18... Nf3+ {Poisoned-Pawn resigns
} 0-1

[Event "ICS rated blitz match"]
[Site "204.178.125.65"]
[Date "1999.09.26"]
[Round "?"]
[White "PostModernist"]
[Black "Hossa"]
[Result "1/2-1/2"]
[WhiteElo "2633"]
[BlackElo "2512"]
[PlyCount "285"]
[EventDate "1999.??.??"]

1. Nf3 d5 2. c4 c6 3. g3 dxc4 4. Bg2 Nd7 5. O-O e5 6. Qc2 Bd6 7. Qxc4 Ngf6 8.
Qc2 O-O 9. Nc3 Nd5 10. d4 exd4 11. Nxd5 cxd5 12. Nxd4 Nb6 13. Be3 Be6 14. Nxe6
fxe6 15. Rac1 Rf7 16. Bd4 Nc4 17. e4 Be5 18. exd5 exd5 19. Bxe5 Nxe5 20. Qb3
Nc4 21. Rcd1 Nb6 22. a4 a5 23. Rxd5 Nxd5 24. Bxd5 Qd7 25. Rc1 Raf8 26. Rc5 Qe8
27. Kg2 Kh8 28. Bxf7 Rxf7 29. Rxa5 h6 30. Qc4 Rd7 31. Rc5 Qe7 32. h4 Rd8 33.
Rc7 Rd7 34. Rc8+ Rd8 35. Rxd8+ Qxd8 36. b3 b6 37. Qe6 Qd4 38. h5 Qc5 39. g4 Qd4
40. f3 Qc5 41. Qe8+ Kh7 42. Qe4+ Kg8 43. b4 Qc7 44. Qd5+ Kh8 45. a5 Qc2+ 46.
Kh3 bxa5 47. bxa5 Qf2 48. Qd8+ Kh7 49. Qd3+ Kg8 50. a6 Kh8 51. Qd1 Kh7 52. f4
Qxf4 53. Qc2+ g6 54. Qd3 Qc1 55. hxg6+ Kg7 56. Qf3 h5 57. gxh5 Qc8+ 58. Kh4
Qd8+ 59. Kg4 Qd7+ 60. Qf5 Kh6 61. a7 Qd1+ 62. Kg3 Qg1+ 63. Kf3 Qxa7 64. Qg4
Qb7+ 65. Kg3 Qa6 66. Qf3 Qa5 67. Kh3 Qg5 68. Qg4 Qe3+ 69. Kg2 Qd2+ 70. Kf1 Qa5
71. Kf2 Qc5+ 72. Kg2 Qc2+ 73. Kf1 Qb1+ 74. Kf2 Qb6+ 75. Ke2 Qb5+ 76. Ke3 Qb3+
77. Kd2 Qb2+ 78. Kd3 Qb3+ 79. Ke4 Qc4+ 80. Kf5 Qc8+ 81. Kf4 Qc4+ 82. Kf5 Qc8+
83. Kf4 Qc4+ 84. Kf3 Qb3+ 85. Kf2 Qb6+ 86. Kg2 Qb2+ 87. Kh3 Qc3+ 88. Qg3 Qc8+
89. Kg2 Kxh5 90. g7 Qg8 91. Kf3 Kh6 92. Qf4+ Kxg7 93. Qg5+ Kf7 94. Qd5+ Kf8 95.
Qc5+ Kf7 96. Qc4+ Kf8 97. Qc8+ Kf7 98. Qb7+ Kf6 99. Qb2+ Kf5 100. Qc2+ Ke5 101.
Qc3+ Kf5 102. Qc5+ Kf6 103. Qd4+ Kf5 104. Qf4+ Kg6 105. Qg4+ Kf7 106. Qc4+ Kf8
107. Qb4+ Kf7 108. Qb3+ Kg7 109. Qb2+ Kf7 110. Qa2+ Kg7 111. Qa1+ Kg6 112. Qg1+
Kf7 113. Qd4 Qg6 114. Qa7+ Ke8 115. Qb8+ Kf7 116. Qc7+ Kg8 117. Ke3 Qg1+ 118.
Ke2 Qg2+ 119. Kd3 Qf2 120. Ke4 Kh8 121. Qe5+ Kg8 122. Qg5+ Kf7 123. Qd5+ Kg6
124. Qg8+ Kh5 125. Qh7+ Kg4 126. Qd7+ Kg3 127. Qd3+ Kg2 128. Qb3 Qh4+ 129. Kd5
Qd8+ 130. Ke5 Qd7 131. Qc2+ Kg3 132. Qc3+ Kf2 133. Qb2+ Kf3 134. Qa3+ Kf2 135.
Qa2+ Kf3 136. Qa8+ Kg4 137. Qe4+ Kg5 138. Qf4+ Kg6 139. Qg3+ Kf7 140. Qb3+ Kg7
141. Qf3 Qe7+ 142. Kd5 Qb7+ 143. Ke6 {Game drawn by the 50 move rule} 1/2-1/2

[Event "ICS rated blitz match"]
[Site "204.178.125.65"]
[Date "1999.09.16"]
[Round "?"]
[White "PostModernist"]
[Black "Hossa"]
[Result "1-0"]
[WhiteElo "2530"]
[BlackElo "2419"]
[PlyCount "96"]
[EventDate "1999.??.??"]

1. e4 e6 2. d4 d5 3. Nd2 Nf6 4. e5 Nfd7 5. Bd3 c5 6. c3 Qg5 7. Qf3 Nc6 8. Qh3
Qd8 9. Ne2 cxd4 10. cxd4 Be7 11. O-O Nb4 12. Bb1 b6 13. Nb3 Ba6 14. Re1 Rc8 15.
Nc3 Nf8 16. a3 Nc6 17. Be3 Nd7 18. Bc2 Rc7 19. Rac1 Bh4 20. Nd2 Bg5 21. f4 Bh6
22. g4 Nxd4 23. Bxd4 Bxf4 24. Rcd1 Rc8 25. b4 Qg5 26. Nf3 Qd8 27. Bb1 Bh6 28.
Qg3 g6 29. Nxd5 exd5 30. e6 fxe6 31. Bxh8 Kf7 32. Ba1 Nf8 33. Qe5 Rc4 34. Bd4
Rxd4 35. Nxd4 Qh4 36. Kh1 Qxg4 37. b5 Bg7 38. Qc7+ Kg8 39. Rf1 e5 40. Nc6 Bc8
41. Ne7+ Kh8 42. Qd8 Bf5 43. Qxd5 Ne6 44. Nxf5 gxf5 45. Qxe6 Bf8 46. Rd8 Kg7
47. Rd7+ Kh8 48. Qf6+ 48... Qg7 {Hossa resigns} 1-0

[Event "ICS rated blitz match"]
[Site "204.178.125.65"]
[Date "1999.09.16"]
[Round "?"]
[White "PostModernist"]
[Black "Hossa"]
[Result "1-0"]
[WhiteElo "2551"]
[BlackElo "2464"]
[PlyCount "115"]
[EventDate "1999.??.??"]

1. e4 d5 2. exd5 Qxd5 3. Nc3 Qa5 4. d4 c6 5. Nf3 Nf6 6. Bd3 Bg4 7. h3 Bxf3 8.
Qxf3 e6 9. O-O Nbd7 10. Bf4 Qb6 11. Ne2 c5 12. dxc5 Bxc5 13. b3 O-O 14. Qg3 Kh8
15. Rad1 Qa5 16. a4 Rac8 17. c4 Rfd8 18. Bc2 Bb4 19. Be3 a6 20. Nf4 e5 21. Nd5
Nxd5 22. Rxd5 Qc7 23. Bf5 Nf6 24. Bxc8 Nxd5 25. cxd5 Qxc8 26. Qxe5 Qc2 27. Bb6
Rf8 28. Qe3 Rc8 29. Qf4 Qxb3 30. Qxf7 Qxa4 31. Qxb7 Rg8 32. Bd4 Bd6 33. Qb6 Bf4
34. g3 Bg5 35. Re1 Qa3 36. Qa7 Qf8 37. Qxa6 Qf3 38. d6 Rd8 39. h4 Bxh4 40. Qb6
Rf8 41. gxh4 Qg4+ 42. Kf1 Qh3+ 43. Ke2 Qxh4 44. Rg1 Qe4+ 45. Kd2 Qf4+ 46. Kc2
Qe4+ 47. Kc3 Rc8+ 48. Kb4 Rg8 49. Qa7 Qf4 50. Kc4 Qe4 51. Rxg7 Qc6+ 52. Kb3
Qd5+ 53. Kc3 Qxd4+ 54. Qxd4 Rxg7 55. d7 h6 56. d8=Q+ Kh7 57. Qd3+ Rg6 58. Qe7+
{Hossa resigns} 1-0

[Event "ICS rated blitz match"]
[Site "204.178.125.65"]
[Date "1999.09.30"]
[Round "?"]
[White "PostModernist"]
[Black "Hossa"]
[Result "1/2-1/2"]
[WhiteElo "2588"]
[BlackElo "2466"]
[PlyCount "139"]
[EventDate "1999.??.??"]

1. Nf3 d5 2. c4 c6 3. d4 Nf6 4. Nc3 dxc4 5. a4 c5 6. e4 Qa5 7. Bxc4 Nxe4 8. Qb3
Nd6 9. O-O cxd4 10. Nb5 Nxc4 11. Qxc4 Na6 12. Ng5 e6 13. Qxd4 Qb4 14. Qd3 Be7
15. Bd2 Qg4 16. Nd6+ Bxd6 17. Qxd6 f6 18. Nf3 e5 19. Rfe1 Qe6 20. Qa3 Qe7 21.
Qe3 O-O 22. Qe4 Nc5 23. Qe3 Bg4 24. Bb4 Rfc8 25. Rac1 b6 26. b3 Rd8 27. Bxc5
bxc5 28. Qxc5 Qxc5 29. Rxc5 Bxf3 30. gxf3 Rab8 31. Re3 Rb7 32. Kg2 Kf7 33. Rc4
Rd4 34. Re4 Rbd7 35. f4 Rxe4 36. Rxe4 Rd4 37. Kf3 Rxe4 38. Kxe4 Ke6 39. fxe5
fxe5 40. b4 Kd6 41. h4 g6 42. b5 Kc5 43. Kxe5 Kb4 44. Kd4 Ka5 45. f4 Kxa4 46.
Kc4 Ka3 47. h5 Ka4 48. hxg6 hxg6 49. Kc5 Ka5 50. Kc4 Kb6 51. Kb4 Kc7 52. Kc5
Kb7 53. Kd5 Kb6 54. Kc4 Ka5 55. Kc5 Ka4 56. Kc4 Ka3 57. Kc3 Ka2 58. Kc4 Kb2 59.
Kd4 Kc2 60. Ke5 Kd3 61. Kf6 Ke4 62. Kg5 Kf3 63. f5 gxf5 64. Kxf5 Ke3 65. Ke5
Kf3 66. Kd5 Ke3 67. Kc5 Ke4 68. Kc6 Kd4 69. b6 axb6 70. Kxb6 {
Game drawn because neither player has mating material} 1/2-1/2

[Event "ICS rated blitz match"]
[Site "204.178.125.65"]
[Date "1999.10.18"]
[Round "?"]
[White "PostModernist"]
[Black "Hossa"]
[Result "1-0"]
[WhiteElo "2541"]
[BlackElo "2514"]
[PlyCount "128"]
[EventDate "1999.??.??"]

1. d4 d5 2. c4 e6 3. Nc3 Nf6 4. Nf3 Be7 5. Bg5 h6 6. Bxf6 Bxf6 7. e3 O-O 8. Rc1
Nc6 9. cxd5 exd5 10. Be2 Re8 11. Bb5 Bg4 12. Bxc6 bxc6 13. O-O Rb8 14. Na4 Qd6
15. b3 Re4 16. Nc5 Ree8 17. Re1 Bh4 18. h3 Bxf3 19. Qxf3 Bg5 20. Rc2 Re7 21.
Rec1 Qg6 22. Qg3 Rb6 23. Na4 Ra6 24. Qg4 Qe6 25. Qxe6 fxe6 26. Rxc6 Rxc6 27.
Rxc6 Bf6 28. Nc3 a5 29. Nb5 e5 30. Nxc7 Rd7 31. Ne8 exd4 32. Nxf6+ gxf6 33.
exd4 Re7 34. Rxf6 Re4 35. Rxh6 Rxd4 36. Ra6 Rd1+ 37. Kh2 Rd2 38. Rxa5 Rxf2 39.
Rxd5 Rxa2 40. b4 Kf7 41. Rc5 Rb2 42. b5 Ke6 43. h4 Kd6 44. Rf5 Ke6 45. Rg5 Kd6
46. h5 Rb4 47. g4 Ke6 48. Kg3 Rb1 49. Rf5 Rh1 50. Kf4 Kd6 51. Kg5 Kc7 52. h6
Kb6 53. Kg6 Rc1 54. h7 Rc8 55. g5 Rd8 56. Kh6 Rc8 57. g6 Rd8 58. g7 Rd1 59.
g8=Q Rh1+ 60. Rh5 Rd1 61. Qb8+ Ka5 62. h8=Q Ka4 63. Qb2 Rd6+ 64. Qxd6 64... Ka5
{Hossa resigns} 1-0

[Event "ICS rated blitz match"]
[Site "204.178.125.65"]
[Date "1999.10.18"]
[Round "?"]
[White "PostModernist"]
[Black "Hossa"]
[Result "1-0"]
[WhiteElo "2592"]
[BlackElo "2505"]
[PlyCount "103"]
[EventDate "1999.??.??"]

1. c4 Nf6 2. Nc3 g6 3. g3 Nc6 4. Bg2 e5 5. Nf3 Bg7 6. d4 exd4 7. Nxd4 O-O 8.
O-O Re8 9. Nc2 d6 10. h3 Be6 11. Nd5 Ne5 12. b3 Qc8 13. g4 Nexg4 14. hxg4 Nxd5
15. cxd5 Bxg4 16. f3 Bh3 17. Rb1 Qf5 18. e4 Qh5 19. Rf2 Bxg2 20. Rxg2 Be5 21.
Be3 Qh4 22. Qe1 Qh3 23. Qf1 Qh4 24. Qf2 Qf6 25. Nd4 Bxd4 26. Bxd4 Qd8 27. Rc1
Rc8 28. Bc3 c5 29. dxc6 bxc6 30. Qxa7 Re6 31. Rcc2 Ra8 32. Qd4 f6 33. a4 Rb8
34. b4 Qd7 35. a5 Rb5 36. a6 Qe8 37. a7 Qa8 38. Ra2 d5 39. Rge2 Kf7 40. exd5
Rxd5 41. Qh4 Rg5+ 42. Kf1 Rh5 43. Qf4 Rh1+ 44. Kg2 Rxe2+ 45. Rxe2 Rg1+ 46. Kh2
Qd8 47. a8=Q Re1 48. Qxd8 Rxe2+ 49. Kh3 Rh2+ 50. Kxh2 Kg7 51. Bxf6+ Kf7 52.
Qc4# {Hossa checkmated} 1-0